000 00532nam a22002177a 4500
003 UA-OsUOA
001 56753
007 ta
008 20081109b un ||||| |||| 00| 0 ukr d
100 _aПатиківський Ю.
090 _a330(477)
_bП20
942 _cSA
040 _aUA-OsUOA
_bukr
_cUA-OsUOA
_dUA-OsUOA
245 _aЯк нам витратити $16500000000?
300 _aС.4
955 _a0
041 _aukr
080 _a330(477)
773 0 _w56752
650 7 _a330 Економіка взагалі
_2UDC
999 _c342835
_d342835